[Event "DEN-ch"]
[Site "DEN"]
[Date "1989.??.??"]
[Round "?"]
[White "Fries Nielsen, Jens Ove"]
[Black "Jelling, Erik"]
[Result "1/2-1/2"]
[WhiteElo "2385"]
[BlackElo "2340"]

1.c4 c6 2.Nf3 d5 3.Qc2 Nf6 4.g3 Bg4 5.Bg2 Nbd7 6.d3 dxc4 7.dxc4 e5 8.Nc3 Be7
9.O-O O-O 10.h3 Bh5 11.Nh4 Re8 12.Be3 Bg6 13.Nxg6 hxg6 14.Rfd1 Qc7 15.Na4 Nf8
16.Rab1 Ne6 17.b4 Nd7 18.c5 a6 19.Nb2 a5 20.a3 axb4 21.axb4 Ra2 22.Ra1 Rxa1
23.Rxa1 Nf6 24.Nc4 Rd8 25.Qb2 Nd5 26.Bxd5 cxd5 27.Nb6 d4 28.Bc1 e4 29.Qb3 Qe5
30.Nc4 Qh5 31.g4 Qh4 32.Qg3 Qxg3+ 33.fxg3 d3 34.exd3 Rxd3 35.Ra8+ Bf8 36.Ne3 Rb3
37.Bd2 Nd4 38.Kf2 Nf3 39.Ke2 Rb2 40.Rd8 Nxd2 41.Rxd2 Rxb4 42.Rc2 Rd4 43.c6 bxc6
44.Rxc6 Bd6 45.Rc8+ Kh7 46.Rd8 Rd3 47.Nc4 Bxg3 48.Rxd3 exd3+ 49.Kxd3 Kh6
50.Ne3 Kg5 51.Ng2 f5 52.gxf5 gxf5 53.Ke3 f4+ 54.Ke4 g6 55.Kf3 Kf5 56.h4 Ke5
57.h5 g5 58.Kg4 Ke4 59.h6 Bf2 60.h7 Bd4 61.Ne1  1/2-1/2

[Event "DEN-chT8990"]
[Site "DEN"]
[Date "1989.??.??"]
[Round "5"]
[White "Sorensen, Bent"]
[Black "Jelling, Erik"]
[Result "0-1"]
[WhiteElo "2325"]
[BlackElo "2340"]

1.c4 c6 2.Nf3 d5 3.b3 Nf6 4.Bb2 Bf5 5.g3 e6 6.Bg2 h6 7.O-O Nbd7 8.d3 Be7
9.Nbd2 O-O 10.Re1 Bh7 11.Qc2 Bc5 12.Rad1 Qb6 13.e3 Rfe8 14.a3 a5 15.Qc3 Bf8
16.d4 Rad8 17.Re2 c5 18.Ne5 Nxe5 19.dxe5 d4 20.exd4 cxd4 21.Qf3 Nd7 22.Qxb7 Qxb7
23.Bxb7 Bc2 24.Rc1 d3 25.Ree1 Nc5 26.Bc6 Re7 27.Bc3 Nxb3 28.Rxc2 dxc2 29.Nxb3 Rd3
30.Bxa5 Rxb3 31.Be4 Ra7 32.Bb4 Bxb4 33.axb4 Rb1  0-1

[Event "Dieren op"]
[Site "Dieren"]
[Date "1989.??.??"]
[Round "1"]
[White "Hoeksema, Hendrik Pieter"]
[Black "Voormans, Jan"]
[Result "1-0"]
[WhiteElo "2380"]
[BlackElo "2235"]

1.c4 c6 2.e4 d5 3.cxd5 cxd5 4.exd5 Nf6 5.Nc3 Nxd5 6.d4 Nc6 7.Nf3 Bg4 8.Qb3 Bxf3
9.gxf3 e6 10.Qxb7 Nxd4 11.Bb5+ Nxb5 12.Qc6+ Ke7 13.Qxb5 Qd7 14.Nxd5+ Qxd5
15.Qxd5 exd5 16.Bf4 Ke6 17.O-O-O Rd8 18.Rhe1+ Kf5 19.Bc7 Rd7 20.Bg3 f6 21.Re8 g6
22.Kc2 Bg7 23.Rxh8 Bxh8 24.b4 Bg7 25.a4 g5 26.Kb3 h5 27.Rc1 h4 28.Bb8 Rb7
29.Bd6 Rb6 30.Bc5 Rb7 31.Rc3 h3 32.b5 Bh6 33.Bd4 Rf7 34.a5 g4 35.fxg4+ Kxg4
36.Rg3+ Kh4 37.f3 Bg5 38.a6 f5 39.Bf2 f4 40.Rg1+ Kh5 41.Ra1  1-0

[Event "Dieren op"]
[Site "Dieren"]
[Date "1989.??.??"]
[Round "2"]
[White "Kemp, Peter"]
[Black "Beulen, Marcel"]
[Result "1/2-1/2"]
[WhiteElo "2300"]
[BlackElo "2225"]

1.c4 c6 2.b3 d5 3.e3 Nf6 4.Bb2 Bg4 5.f3 Bf5 6.d3 Nbd7 7.cxd5 cxd5 8.e4 Be6
9.e5 Ng8 10.f4 g6 11.Nf3 Bg7 12.Nd4 Qb6 13.Nxe6 Qxe6 14.Be2 h5 15.O-O Nh6
16.d4 Nf5 17.Qd3 Qb6 18.Nd2 Nf8 19.a4 Ne6 20.a5 Qa6 21.Qxa6 bxa6 22.Ra4 Rc8
23.Bd3 Kd7 24.Rf3 Bh6 25.g3 Rc6 26.Nf1 Rb8 27.Bb1 Rc7 28.Nd2 Rc6 29.Kf2 Bf8
30.h3 Bh6 31.h4  1/2-1/2

[Event "Dieren op"]
[Site "Dieren"]
[Date "1989.??.??"]
[Round "6"]
[White "Kemp, Peter"]
[Black "Bierenbroodspot, Paul"]
[Result "1/2-1/2"]
[WhiteElo "2300"]
[BlackElo "2275"]

1.c4 c6 2.e4 e5 3.Nf3 Nf6 4.Nc3 Bb4 5.Nxe5 Qe7 6.Nf3 Nxe4 7.Nxe4 Qxe4+ 8.Qe2 d5
9.cxd5 cxd5 10.Qe3 O-O 11.Bd3 Qxe3+ 12.fxe3 Nc6 13.a3 Bd6 14.b4 Ne5 15.Nxe5 Bxe5
16.Rb1 Be6 17.Bb2 f6 18.O-O  1/2-1/2

[Event "Edinburgh op"]
[Site "Edinburgh"]
[Date "1989.??.??"]
[Round "?"]
[White "Knott, Simon JB"]
[Black "Ballon, Guenther Jan"]
[Result "1/2-1/2"]
[WhiteElo "2355"]
[BlackElo "2300"]

1.c4 c6 2.Nf3 d5 3.d4 e6 4.Nbd2 Nf6 5.e3 Be7 6.Bd3 O-O 7.b3 Nbd7 8.O-O c5
9.Bb2 cxd4 10.exd4 b6 11.Qe2 Bb7 12.Rad1 Qc7 13.Ne5 Rfd8 14.f4 Nf8 15.Ndf3 dxc4
16.bxc4 Ne8 17.Ng5 Bxg5 18.fxg5 f5 19.gxf6 Nxf6 20.Ng4 Nxg4 21.Qxg4 Rd7 22.Qh3 h6
23.Ba3 Qc6 24.d5 exd5 25.cxd5 Rxd5 26.Be4 Rxd1 27.Bxc6 Rxf1+ 28.Kxf1 Bxc6
29.Kg1 Bd5 30.Bxf8  1/2-1/2

[Event "ESP-ch"]
[Site "ESP"]
[Date "1989.??.??"]
[Round "7"]
[White "Bofill, Alejandro"]
[Black "Rodriguez Talavera, Juan Carlos"]
[Result "1/2-1/2"]
[WhiteElo "2375"]
[BlackElo "2395"]

1.c4 c6 2.Nf3 d5 3.e3 Nf6 4.Nc3 g6 5.Qb3 Qb6 6.cxd5 Qxb3 7.axb3 Nxd5 8.d4 Bg7
9.Bd2 Bg4 10.Nxd5 cxd5 11.Ra5 Bxf3 12.gxf3 e6 13.Rb5 b6 14.Rb4 O-O 15.Ra4 Rc8
16.Bc3 Nc6 17.f4 a5 18.Kd2 Bf8 19.Kd1 Nb4 20.Bb5 Rc7 21.Kd2 Rac8 22.Raa1 Bd6
23.Rhc1  1/2-1/2

[Event "Frunze op"]
[Site "Frunze"]
[Date "1989.??.??"]
[Round "?"]
[White "Ilinsky, Vladimir"]
[Black "Tabatadze, Tamaz"]
[Result "1-0"]
[WhiteElo "2340"]
[BlackElo "2365"]

1.c4 c6 2.e4 d5 3.exd5 cxd5 4.cxd5 Nf6 5.Nc3 Nxd5 6.Nf3 g6 7.Bc4 Nb6 8.Bb3 Bg7
9.d4 O-O 10.O-O Nc6 11.d5 Na5 12.Re1 Bg4 13.h3 Bxf3 14.Qxf3 Nxb3 15.axb3 Qd7
16.Bg5 Rfe8 17.Rad1 Rac8 18.Re2 h6 19.Bf4 Rcd8 20.g4 Nc8 21.Be5 Bxe5 22.Rxe5 Qd6
23.Rde1 Kg7 24.Nb5 Qb6 25.Qd3 Rd7 26.Nd4 Qf6 27.Qe4 Red8 28.Re3 Nd6 29.Qg2 Ne8
30.Nb5 Nc7 31.Nxc7 Rxc7 32.Qe4 Rdd7 33.Kg2 Qa6 34.Qd4 Kg8 35.Qf4 Kg7 36.Rf3 Qf6
37.Qd4 Qb6 38.Qe4 Qd6 39.b4 Rc8 40.h4 Rcd8 41.h5 Rg8 42.Re6 Qxd5 43.Rxg6+ Kf8
44.Qf4 Rxg6 45.hxg6  1-0

[Event "Bundesliga 8889"]
[Site "Germany"]
[Date "1989.??.??"]
[Round "?"]
[White "Smejkal, Jan"]
[Black "Chandler, Murray G"]
[Result "1-0"]
[WhiteElo "2515"]
[BlackElo "2605"]

1.c4 c6 2.d4 d5 3.Nc3 dxc4 4.e4 b5 5.a4 e5 6.Nf3 exd4 7.Qxd4 Qxd4 8.Nxd4 b4
9.Nd1 Ba6 10.Bf4 Nf6 11.Rc1 Nxe4 12.Bxc4 Bxc4 13.Rxc4 Nd6 14.Rc2 Kd7 15.O-O Be7
16.Ne3 Rd8 17.Re1 h5 18.Rd2 Kc8 19.Nd5 Bf8 20.Ne7+ Bxe7 21.Rxe7 g6 22.h4 c5
23.Rc2 Na6 24.Nb3 Nf5 25.Rxc5+ Nxc5 26.Rc7+ Kb8 27.Nxc5 a6 28.Rc6+ Nd6 29.Bxd6+ Rxd6
30.Rxd6 Kc7 31.Rf6 Re8 32.Kf1 Re5 33.Nd3 Rd5 34.Rxf7+ Kd6 35.Ke2 Rd4 36.Rf4  1-0

[Event "Bundesliga 8889"]
[Site "Germany"]
[Date "1989.??.??"]
[Round "?"]
[White "Ruehrig, Volkhard"]
[Black "Lutz, Christopher"]
[Result "1/2-1/2"]
[WhiteElo "2330"]
[BlackElo "2375"]

1.c4 c6 2.Nf3 Nf6 3.b3 d5 4.e3 Bg4 5.Be2 Nbd7 6.Bb2 e6 7.d3 Bd6 8.Nbd2 Qe7
9.O-O O-O 10.Re1 Rfe8 11.a3 a5 12.Ra2 e5 13.Qa1 Qd8 14.Bc3 b5 15.b4 axb4
16.axb4 Rxa2 17.Qxa2 e4 18.dxe4 dxc4 19.Rd1 Qc7 20.h3 Bxf3 21.Bxf3 Be5 22.Bd4 Qd6
23.Qb2 Nb6 24.Ra1 Nfd7 25.Bd1 h6 26.Bc2 Ra8 27.Rxa8+ Nxa8 28.Nf3 Bxd4 29.Qxd4 Qxd4
30.Nxd4 Nb8 31.e5 Nc7 32.Be4 Nca6 33.Kf1 Nxb4 34.Ke1 Kf8 35.Kd2 Ke7 36.Kc3 Na2+
37.Kb2 Nb4 38.Kc3 Na2+ 39.Kb2 Nb4  1/2-1/2

[Event "Baden-NRW"]
[Site "Germany"]
[Date "1989.??.??"]
[Round "?"]
[White "Ostl, Andreas"]
[Black "Pieper Emden, Carsten"]
[Result "0-1"]
[WhiteElo "2295"]
[BlackElo "2350"]

1.c4 c6 2.d4 d5 3.Nc3 Nf6 4.Nf3 a6 5.cxd5 cxd5 6.Bf4 Nc6 7.e3 Bg4 8.h3 Bxf3
9.Qxf3 e6 10.Bd3 Be7 11.O-O Rc8 12.Rac1 O-O 13.Bb1 b5 14.Qe2 Qb6 15.Rfd1 Rfd8
16.Qf1 Na5 17.Bd3 Nc4 18.Qe2 Rc6 19.a4 b4 20.Na2 b3 21.Nc3 Rdc8 22.e4 Bb4
23.exd5 exd5 24.Bxc4 Bxc3 25.Bxa6 Qxa6 26.Qxa6 Rxa6 27.Rxc3 Rxc3 28.bxc3 g5
29.Be5 Ne4 30.Rb1 Nd2 31.Rb2 Rxa4 32.Rxd2 Ra2 33.Rd3 b2 34.Rf3 b1=Q+ 35.Kh2 Qe1
36.Bg3 Ra1 37.Be5 Qh1+ 38.Kg3 Rg1  0-1

[Event "BL2-W8889"]
[Site "Germany"]
[Date "1989.??.??"]
[Round "?"]
[White "Wiemer, Ralf"]
[Black "Meduna, Eduard"]
[Result "0-1"]
[WhiteElo "2300"]
[BlackElo "2485"]

1.c4 c6 2.Nf3 d5 3.d4 Nf6 4.Nc3 dxc4 5.a4 Bf5 6.Ne5 Na6 7.f3 Nd7 8.Nxc4 e5
9.e4 exd4 10.Ne2 Be6 11.Nxd4 Bxc4 12.Bxc4 Ne5 13.Bxa6 Qa5+ 14.Kf2 Qxa6 15.Qe2 Bc5
16.Rd1 Qb6 17.Be3 O-O-O 18.a5 Qb4 19.Nc2 Bxe3+ 20.Nxe3 g5 21.a6 b5 22.Qc2 Rxd1
23.Rxd1 Rd8 24.Nd5 Qf8 25.Qc3 f6 26.Ke2 Kb8 27.Nxf6 Rxd1 28.Qxe5+ Qd6 29.Qe8+ Kc7
30.Nd5+ cxd5 31.Kxd1 dxe4+ 32.Ke1 Qb4+ 33.Kf1 Qc4+ 34.Kf2 Qd4+ 35.Kg3 Qd6+
36.Kh3 exf3 37.gxf3 Kb6 38.Qe4 Qd7+ 39.Qg4 Qd5 40.Qe4 Qxe4 41.fxe4 h5 42.Kg3 Kc5
43.h4 gxh4+ 44.Kxh4 Kd4 45.Kxh5 Kxe4 46.Kg5 b4 47.Kf6 b3 48.Ke6 Kd3 49.Kd6 Kc2
50.Kc6 Kxb2 51.Kb7 Kc3 52.Kxa7 b2 53.Ka8 b1=Q 54.a7 Kb4 55.Kb8 Kc5+  0-1

[Event "Bundesliga 8889"]
[Site "Germany"]
[Date "1989.??.??"]
[Round "?"]
[White "Bischoff, Klaus"]
[Black "Lobron, Eric"]
[Result "0-1"]
[WhiteElo "2505"]
[BlackElo "2555"]

1.c4 c6 2.d4 d6 3.Nc3 Nd7 4.g3 e5 5.Bg2 Ngf6 6.e3 exd4 7.exd4 Nb6 8.b3 Be7
9.Nge2 O-O 10.O-O d5 11.c5 Nbd7 12.b4 Re8 13.b5 Nf8 14.bxc6 bxc6 15.Qa4 Bd7
16.Nf4 Qc8 17.f3 Ng6 18.Rf2 Bd8 19.Bd2 Bc7 20.Nce2 Rb8 21.Bf1 Qb7 22.Nd3 h6
23.Nec1 Nh7 24.Nb4 Ng5 25.Ba6 Nh3+ 26.Kg2 Qa8 27.Re2 Nf8 28.Bd3 Rxe2+ 29.Nxe2 Bd8
30.Nf4 Bg5 31.Ba6 Bxf4 32.gxf4 Re8 33.f5 Ng5 34.Re1 Rxe1 35.Bxe1 Qe8 36.Bd2 Nxf3
37.Kxf3 Qe4+ 38.Kg3 Qxd4 39.Bd3 Qxc5 40.Qd1 Nh7 41.Nc2 Nf6 42.Be3 Qe7 43.Bd4 Qd6+
44.Kg2 c5 45.Bxf6 Qxf6 46.Be4 Qg5+  0-1

[Event "Bundesliga 8889"]
[Site "Germany"]
[Date "1989.??.??"]
[Round "?"]
[White "Lumper, Thomas"]
[Black "Hermann, Manfred"]
[Result "1/2-1/2"]
[WhiteElo "2355"]
[BlackElo "2365"]

1.c4 c6 2.e4 d5 3.cxd5 cxd5 4.exd5 Nf6 5.Bb5+ Nbd7 6.Nc3 g6 7.Nf3 Bg7 8.O-O O-O
9.d4 Nb6 10.Ne5 Nbxd5 11.Bc4 Be6 12.Qb3 Nxc3 13.bxc3 Bxc4 14.Qxc4 Rc8 15.Qd3 Nd5
16.Bb2 Nxc3 17.Nxf7 Qxd4 18.Nh6+ Kh8 19.Qxd4 Bxd4 20.Rae1 e5 21.Ba3 Rf4 22.g3 Re4
23.Nf7+ Kg7 24.Ng5 Rxe1 25.Rxe1 Rc6 26.Nf3 Nb5 27.Bb4 Rc2 28.Nxd4 Nxd4 29.Kg2 Rxa2
30.Rxe5 Nc6 31.Rb5 b6 32.Bc3+ Kf7 33.Bb2 Ra4 34.Rb3 Rb4 35.Rf3+ Ke6 36.Rf6+ Kd5
37.Ba3 Rc4 38.Rf7 b5 39.Rd7+ Ke6 40.Rxh7 b4 41.Bb2 Rc2 42.Ba1 Ra2 43.Bh8 a5
44.Rb7 a4 45.Rb6 Kd6 46.Bg7 Kd5 47.Rb7 Rc2 48.Bf8 Kc4 49.Rb6 Kb3 50.Bg7 a3
51.Ra6 a2 52.h4 Rc3 53.g4 Kb2 54.h5 gxh5 55.gxh5 a1=Q 56.Rxa1 Kxa1 57.h6 Ne7
58.f4 Ka2 59.h7 Ng6 60.f5 Nh4+ 61.Kf2 Rc8 62.h8=Q Rxh8 63.Bxh8 Nxf5 64.Ke2 Kb3
65.Kd3 Nd6 66.Bg7 Nc4 67.Bf8 Ne5+  1/2-1/2

[Event "Bundesliga 8889"]
[Site "Germany"]
[Date "1989.??.??"]
[Round "?"]
[White "Hertneck, Gerald"]
[Black "Fleck, Juergen"]
[Result "1/2-1/2"]
[WhiteElo "2435"]
[BlackElo "2415"]

1.c4 c6 2.Nf3 d5 3.d4 Nf6 4.Nc3 e6 5.Bg5 dxc4 6.e4 b5 7.e5 h6 8.Bh4 g5 9.Nxg5 hxg5
10.Bxg5 Nbd7 11.exf6 Bb7 12.g3 c5 13.d5 Qb6 14.Bg2 O-O-O 15.O-O b4 16.Na4 Qb5
17.a3 Nb8 18.axb4 cxb4 19.Qg4 Bxd5 20.Rfc1 Nd7 21.Bxd5 exd5 22.Qd4 Nc5 23.b3 Nxa4
24.Rxa4 Bc5 25.bxc4 dxc4 26.Qg4+ Kb7 27.Rca1 Qc6 28.Be3 Rxh2 29.Rxa7+ Bxa7
30.Rxa7+ Kb8 31.Qf4+ Kc8 32.Qg4+  1/2-1/2

[Event "Gothenburg"]
[Site "Gothenburg"]
[Date "1989.??.??"]
[Round "7"]
[White "Kristiansen, Jens"]
[Black "Sapis, Witalis"]
[Result "1-0"]
[WhiteElo "2405"]
[BlackElo "2395"]

1.c4 c6 2.e4 d5 3.exd5 cxd5 4.cxd5 Nf6 5.d4 g6 6.Nc3 Bg7 7.Bc4 O-O 8.Nf3 Nbd7
9.O-O Nb6 10.Bb3 Nbxd5 11.Ne5 Be6 12.Re1 Nc7 13.Bg5 Nfd5 14.h4 Nxc3 15.bxc3 Qd6
16.h5 Bxe5 17.Rxe5 f6 18.Rxe6 Nxe6 19.Bh6 Rf7 20.hxg6 hxg6 21.Qg4 Nf8 22.Re1 Re8
23.Bxf8 Kxf8 24.Re6 Qa3 25.Re1 Kg7 26.Bxf7 Kxf7 27.Qh3 Qxa2 28.Qh7+ Kf8 29.Qxg6 Qf7
30.Qh6+ Qg7 31.Qh3 e5 32.dxe5 fxe5 33.Re3 e4 34.Rg3 Qf6 35.Qh7 Qf7 36.Qh6+ Ke7
37.Rg7  1-0

[Event "Groningen"]
[Site "Groningen"]
[Date "1989.??.??"]
[Round "?"]
[White "Brenninkmeijer, Joris"]
[Black "Kuijf, Marinus"]
[Result "1/2-1/2"]
[WhiteElo "2445"]
[BlackElo "2530"]

1.c4 c6 2.e4 d5 3.exd5 cxd5 4.d4 Nf6 5.Nc3 e6 6.Nf3 Bb4 7.cxd5 exd5 8.Bd3 O-O
9.O-O Bg4 10.Bg5 Bxc3 11.bxc3 Nbd7 12.Qd2 Qc7 13.Nh4 Ne4 14.Bxe4 dxe4 15.h3 Bh5
16.Nf5 Bg6 17.Bf4 Qa5 18.Nd6 Qa6 19.c4 Nf6 20.Qb4 Rad8 21.Be5 Rd7 22.Bxf6 Rxd6
23.Be7 Rb6 24.Qd2 Re8 25.c5 Re6 26.Bg5 Qc4 27.d5 Re5 28.Rfd1 Bh5 29.Rac1 Qd3
30.Qxd3 exd3 31.Rxd3 Bg6 32.Re3 f6 33.Rce1 Rxe3 34.Bxe3 Bf7 35.d6 Bxa2 36.Ra1 Bd5
37.Rxa7 Bc6 38.Ra3 Kf7 39.f3 Re5 40.Kf2 Re8 41.Bd4 Kg6 42.Ra1  1/2-1/2

[Event "EU-chT"]
[Site "Haifa"]
[Date "1989.??.??"]
[Round "4"]
[White "McNab, Colin Anderson"]
[Black "Brunner, Lucas"]
[Result "1/2-1/2"]
[WhiteElo "2435"]
[BlackElo "2505"]

1.c4 c6 2.Nf3 d5 3.e3 Nf6 4.Nc3 Bg4 5.Qb3 Qb6 6.Qxb6 axb6 7.cxd5 Bxf3 8.gxf3 cxd5
9.b3 Nc6 10.Bb2 Rg8 11.Na4 Nd7 12.Rc1 Kd8 13.Be2 g6  1/2-1/2

[Event "HUN-ch"]
[Site "?"]
[Date "1989.??.??"]
[Round "?"]
[White "Horvath, Gyula"]
[Black "Varga, Zoltan"]
[Result "1-0"]
[WhiteElo "2410"]
[BlackElo "2425"]

1.c4 c6 2.d4 d5 3.Nf3 Nf6 4.Qc2 g6 5.Bf4 Bf5 6.Qb3 Qb6 7.c5 Qxb3 8.axb3 Nbd7
9.b4 a6 10.Nc3 Rc8 11.h3 Bg7 12.e3 O-O 13.Bh2 Rfe8 14.Be2 Ne4 15.g4 Nxc3
16.bxc3 Be4 17.Rg1 Bxf3 18.Bxf3 e5 19.Kd2 g5 20.Be2 Nf8 21.h4 h6 22.hxg5 hxg5
23.Bg3 Ng6 24.Rh1 Bf6 25.Rh5 e4 26.c4 Bd8 27.cxd5 cxd5 28.b5 a5 29.b6  1-0

[Event "URS-sf Ukraine-ch"]
[Site "Kherson"]
[Date "1989.??.??"]
[Round "?"]
[White "Kuzmin, Gennadi P"]
[Black "Savchenko, Stanislav"]
[Result "1/2-1/2"]
[WhiteElo "2495"]
[BlackElo "2395"]

1.c4 c6 2.e4 d5 3.exd5 cxd5 4.d4 Nf6 5.Nc3 Nc6 6.Nf3 Bg4 7.cxd5 Nxd5 8.Qb3 Bxf3
9.gxf3 e6 10.Qxb7 Nxd4 11.Bb5+ Nxb5 12.Qc6+ Ke7 13.Qxb5 Qd7 14.Nxd5+ Qxd5
15.Qxd5 exd5 16.O-O Ke6 17.Re1+ Kf5 18.Rd1 Rd8 19.Be3 Rd7 20.Rac1 Be7 21.Rc4 Bf6
22.Rf4+ Kg6 23.Rg4+ Kf5 24.Rf4+ Kg6 25.Rg4+ Kf5  1/2-1/2

[Event "Lenk op"]
[Site "Lenk"]
[Date "1989.??.??"]
[Round "?"]
[White "Gross, Stefan"]
[Black "Kallai, Gabor"]
[Result "1/2-1/2"]
[WhiteElo "2425"]
[BlackElo "2430"]

1.c4 c6 2.Nf3 d5 3.d4 Nf6 4.Qc2 dxc4 5.Qxc4 Bf5 6.Nc3 e6 7.g3 Nbd7 8.Bg2 Be7
9.O-O O-O 10.e3 h6 11.Qe2 a5 12.Rd1 Ne4 13.Nd2 Nxd2 14.Bxd2 Nf6 15.e4 Bg4
16.f3 Bh5 17.Be3 a4 18.a3 Qa5 19.Qf2 Rac8 20.Rac1 Rfd8 21.Bh3 Nd7 22.Ne2 Ra8
23.Nf4 Bg5 24.g4 Bxf4 25.Bxf4 Bg6 26.Qg3 Rac8 27.g5 hxg5 28.Bxg5 Re8 29.Be3 Nf6
30.Qe5 Qb6 31.Rd2 Rcd8 32.Qc5 Qxc5 33.Rxc5 Bxe4 34.fxe4 Nxe4 35.Rcc2  1/2-1/2

[Event "Haringey"]
[Site "London"]
[Date "1989.??.??"]
[Round "?"]
[White "Pein, Malcolm"]
[Black "Pergericht, Daniel"]
[Result "0-1"]
[WhiteElo "2385"]
[BlackElo "2325"]

1.c4 c6 2.e4 d5 3.exd5 cxd5 4.d4 Nf6 5.Nc3 e6 6.Nf3 Be7 7.Bd3 dxc4 8.Bxc4 a6
9.a4 Nc6 10.O-O O-O 11.Re1 Bd7 12.Qe2 Rc8 13.Bf4 Nb4 14.Ne5 Be8 15.Red1 Nfd5
16.Bc1 f6 17.Nf3 Bf7 18.Bd2 Re8 19.Bb3 Bf8 20.Ne4 Bh5 21.Rac1 Rxc1 22.Rxc1 Nc6
23.Be3 Qb6 24.Qd1 Bxf3 25.gxf3 Ncb4 26.Nc5 Bxc5 27.dxc5 Qc6 28.Qe2 Qd7 29.Rd1 Qf7
30.Rd4 Qh5 31.Rg4 Nc6 32.f4 Kf8 33.Bd1 f5 34.Rg3 Qxe2 35.Bxe2 g6 36.Rh3 h5
37.Bc1 Rc8 38.Rg3 Kf7 39.Rb3 Na5 40.Rd3 Rxc5 41.Rd1 Nc6 42.Kg2 Rc2 43.Kf3 Rxc1
44.Rxc1 Nd4+ 45.Kg2 Nxe2 46.Rc8 a5  0-1

[Event "Lugano op"]
[Site "Lugano"]
[Date "1989.??.??"]
[Round "2"]
[White "Kraehenbuehl, Gerhard"]
[Black "Pergericht, Daniel"]
[Result "1-0"]
[WhiteElo "2250"]
[BlackElo "2355"]

1.c4 c6 2.d4 d5 3.e3 g6 4.Nc3 Nf6 5.Nf3 Bg7 6.cxd5 cxd5 7.Bd3 O-O 8.O-O Nc6
9.Bd2 Bg4 10.h3 Bxf3 11.Qxf3 e5 12.dxe5 Nxe5 13.Qe2 d4 14.exd4 Qxd4 15.Bb5 a6
16.Be3 Qh4 17.Ba4 Rac8 18.Bb3 Nc4 19.Rad1 Ne4 20.Nd5 Ned6 21.g3 Qe4 22.Qg4 Nxe3
23.Nxe3 Qxg4 24.hxg4 Rcd8 25.Rd5 Ne4 26.Rfd1 Rde8 27.Nc4 Nf6 28.R5d4 Re7
29.Nb6 Rfe8 30.Bc4 h5 31.gxh5 Nxh5 32.Rd6 Kh7 33.b3 Be5 34.Rd7 Nf6 35.R7d3 Bb8
36.Kg2 Ba7 37.Nd5 Nxd5 38.Bxd5 Re2 39.Rf3 R8e7 40.Bxf7 Rxa2 41.Rd6 g5 42.Bg6+ Kg7
43.Bd3 Rf7 44.Rxf7+ Kxf7 45.Rd7+ Kf8 46.Rxb7 Rxf2+ 47.Kh3 Rf7 48.Rb4 Rf3
49.Bxa6 Bf2 50.Kg2 Rf6 51.Bc4 Bb6 52.Bd5 Kg7 53.Re4 Rd6 54.Bc4 Kf6 55.Kf3 Kf5
56.Re8 Bd8 57.b4 Bb6 58.b5 Bd8 59.g4+ Kf6 60.Ke4 Bb6 61.Bd5 Bg1 62.Rf8+ Kg6
63.Rf1 Bb6 64.Ra1 Kf6 65.Rf1+ Kg6 66.Rf5 Rf6 67.Bc4 Rd6 68.Bf7+ Kg7 69.Bd5 Kg6
70.Rf1 Rf6 71.Rc1 Rf4+ 72.Ke5 Bd4+ 73.Kd6 Rxg4 74.Rc6 Rf4 75.b6 Rf6+ 76.Be6 Bxb6
77.Rxb6 g4 78.Ke5 Kg5 79.Rb4 Rf1 80.Rxg4+ Kh5 81.Rg2 Re1+ 82.Kf6 Rf1+ 83.Bf5 Rf4
84.Rg3 Ra4 85.Ke5 Ra5+ 86.Kf4 Ra4+ 87.Be4 Kh6 88.Rg6+ Kh5 89.Rb6  1-0

[Event "Lugano op"]
[Site "Lugano"]
[Date "1989.??.??"]
[Round "4"]
[White "Reschke, Stefan"]
[Black "Pergericht, Daniel"]
[Result "1-0"]
[WhiteElo "2330"]
[BlackElo "2355"]

1.c4 c6 2.Nf3 Nf6 3.g3 d5 4.b3 Bf5 5.Bg2 e6 6.O-O Be7 7.Bb2 O-O 8.d3 h6 9.Nbd2 a5
10.a3 Bh7 11.Qc2 Na6 12.Rfb1 Re8 13.Bc3 b5 14.cxb5 cxb5 15.Bd4 Nd7 16.Qb2 f6
17.Ne1 Kh8 18.f4 e5 19.Bf2 Nb6 20.Ndf3 Bd6 21.Qd2 Nc5 22.b4 axb4 23.Rxb4 e4
24.Nd4 exd3 25.exd3 Rxe1+ 26.Bxe1 Bxd3 27.Nxb5 Nc4 28.Nxd6 Qxd6 29.Qf2 Re8
30.Qd4 Ne3 31.Rb2 Nc2 32.Rxc2 Bxc2 33.Bb4 Nb3 34.Bxd6 Nxd4 35.Bb4 Be4 36.Ra2 Rc8
37.Kf2 f5 38.a4 Nc2 39.Bd2 d4 40.a5 Rc7 41.a6 Ra7 42.Kg1 d3 43.Kf2 Kh7 44.Ra4 Bxg2
45.Kxg2 Kg6 46.Kf3 Kh5 47.h3 Kg6 48.Kf2 Kh5 49.Ra5 Kg6 50.Be3 Re7 51.Re5 Rd7
52.Bd2 Kf6 53.Bc3 Kg6 54.Bd2 Kf6 55.Ra5 Ra7 56.h4 Kg6 57.Be3 Nxe3 58.Kxe3 Kh5
59.Rxf5+ Kg4 60.Ra5 g6 61.Ra1 Ra8 62.Kxd3 Rg8 63.h5 gxh5 64.Ke3 Ra8 65.Kf2 Ra7
66.Ra4  1-0

[Event "Luzern"]
[Site "Luzern"]
[Date "1989.??.??"]
[Round "?"]
[White "Klinger, Josef"]
[Black "Miralles, Gilles"]
[Result "1/2-1/2"]
[WhiteElo "2475"]
[BlackElo "2445"]

1.c4 c6 2.Nf3 d5 3.b3 Nf6 4.Bb2 Bg4 5.e3 e6 6.Be2 Nbd7 7.h3 Bh5 8.O-O Bd6
9.Nc3 O-O 10.cxd5 exd5  1/2-1/2

[Event "URS-ch sf"]
[Site "Moscow"]
[Date "1989.??.??"]
[Round "?"]
[White "Kiselev, Sergey"]
[Black "Dragomarezkij, Evgeni"]
[Result "1-0"]
[WhiteElo "2445"]
[BlackElo "2325"]

1.c4 c6 2.e4 d5 3.exd5 cxd5 4.cxd5 Qxd5 5.Nc3 Qa5 6.Nf3 e6 7.Be2 Nf6 8.O-O Be7
9.d4 O-O 10.Be3 Bd7 11.Ne5 Bc6 12.a3 Bd5 13.Bg5 Nc6 14.Bxf6 gxf6 15.b4 Qd8
16.Ng4 Rc8 17.Ne3 Bb3 18.Qxb3 Nxd4 19.Qb2 Rxc3 20.Bc4 Qc7 21.Rfd1 e5 22.Qxc3 Ne2+
23.Bxe2 Qxc3 24.Nd5 Qc2 25.Nxe7+ Kh8 26.Bd3 Qb3 27.Be4 Qc4 28.Re1 Rd8 29.Nf5  1-0

[Event "Naleczow op"]
[Site "Naleczow"]
[Date "1989.??.??"]
[Round "?"]
[White "Bajovic, Milan"]
[Black "Lissowska, Anna"]
[Result "1/2-1/2"]
[WhiteElo "2310"]
[BlackElo "2145"]

1.c4 c6 2.d4 d5 3.Nf3 Nf6 4.Nc3 a6 5.a4 e6 6.e3 Nbd7 7.Bd3 Be7 8.O-O O-O
9.b3 Re8 10.Bb2 b6 11.Qe2 Bb7 12.Rfd1 c5 13.Ne5 cxd4 14.exd4 Nf8 15.Rac1 Ng6
16.Nxg6 hxg6 17.Nb1 Qd7 18.Nd2 dxc4 19.Nxc4 Nd5 20.Ne5 Qd6 21.Be4 Rac8 22.g3 Bf8
23.f4 Be7 24.h4 Bf6 25.Kh2 Qe7 26.Nf3 Qb4 27.Qd3 Qd6 28.Qd2 Rxc1 29.Rxc1 Rd8
30.Ne5 a5 31.Bg2 Rc8 32.Qf2 Rc7 33.Rd1 Ba6 34.Bf1 Rc8 35.Rc1 Bb7 36.Bg2 Rc7
37.Rd1 Ba6 38.Bf1 Rc8 39.Rd2 Bb7 40.Bg2 Rb8  1/2-1/2

[Event "Naleczow op"]
[Site "Naleczow"]
[Date "1989.??.??"]
[Round "?"]
[White "Levin, Felix"]
[Black "Bajovic, Milan"]
[Result "1-0"]
[WhiteElo "2320"]
[BlackElo "2310"]

1.c4 c6 2.d4 d5 3.Nf3 Nf6 4.Nc3 dxc4 5.a4 Bf5 6.Ne5 Nbd7 7.Nxc4 Qc7 8.g3 e5
9.dxe5 Nxe5 10.Bf4 Nfd7 11.Bg2 Be6 12.Nxe5 Nxe5 13.Qd4 f6 14.a5 a6 15.O-O Be7
16.Na4 g5 17.Be3 O-O 18.Qc3 Nc4 19.Bc5 Bxc5 20.Nxc5 Qe7 21.b4 Rad8 22.Rad1 Bf7
23.Rxd8 Rxd8 24.Ne4 Kg7 25.Nxg5 Qxe2 26.Ne4 Ne5 27.Nxf6 h5 28.Ne4  1-0

[Event "Novi Sad op"]
[Site "Novi Sad"]
[Date "1989.??.??"]
[Round "6"]
[White "Arbakov, Valentin"]
[Black "Lalic, Dragan"]
[Result "1-0"]
[WhiteElo "2405"]
[BlackElo "2325"]

1.c4 c6 2.d4 d5 3.Nf3 Nf6 4.Nc3 dxc4 5.e3 b5 6.a4 b4 7.Na2 e6 8.Bxc4 Be7
9.O-O O-O 10.Qe2 a5 11.e4 Ba6 12.Bxa6 Nxa6 13.Bg5 c5 14.Rfd1 cxd4 15.Rxd4 Qe8
16.Nc1 Nc5 17.e5 Nd5 18.Rg4 Bxg5 19.Nxg5 f5 20.exf6 Nxf6 21.Rc4 Nxa4 22.Nd3 Ra6
23.Nf4 Qb5 24.Nfxe6 Nxb2 25.Rc8 Rxc8 26.Qxb5 Ra7 27.h3 h6 28.Nf3 Kf7 29.Qf5 Nc4
30.Neg5+  1-0

[Event "Novosibirsk"]
[Site "Novosibirsk"]
[Date "1989.??.??"]
[Round "?"]
[White "Kalinitschew, Sergey"]
[Black "Komarov, Dimitri"]
[Result "1/2-1/2"]
[WhiteElo "2455"]
[BlackElo "2390"]

1.c4 c6 2.e4 d5 3.exd5 cxd5 4.cxd5 Nf6 5.Nc3 Nxd5 6.Nf3 Nc6 7.d4 Bg4 8.Qb3 Bxf3
9.gxf3 e6 10.Qxb7 Nxd4 11.Bb5+ Nxb5 12.Qc6+ Ke7 13.Qxb5 Qd7 14.Nxd5+ Qxd5
15.Qxd5 exd5 16.Be3 Ke6 17.O-O-O Bb4 18.a3 Rhc8+ 19.Kb1 Bc5 20.Rhe1 Bxe3
21.fxe3 Rc4 22.Rd2 Rb8 23.Red1 Rb5 24.Rd3 g5 25.R1d2 f5 26.b3 Rh4 27.Kb2 a5  1/2-1/2

[Event "Novosibirsk"]
[Site "Novosibirsk"]
[Date "1989.??.??"]
[Round "?"]
[White "Janjgava, Lasha"]
[Black "Komarov, Dimitri"]
[Result "1/2-1/2"]
[WhiteElo "2470"]
[BlackElo "2390"]

1.c4 c6 2.e4 d5 3.exd5 cxd5 4.d4 Nf6 5.Nc3 Be6 6.Nge2 dxc4 7.Nf4 Bg4 8.f3 Bd7
9.Bxc4 e6 10.d5 e5 11.Nd3 Bd6 12.Bg5 Bf5 13.Nf2 Nbd7 14.Bd3 Bxd3 15.Qxd3 Qb6
16.O-O-O O-O 17.Be3 Nc5 18.Qe2 Qa5 19.Kb1 a6 20.Qd2 Qc7 21.Rc1 Qd7 22.Rc2 Rfc8
23.Rhc1 a5 24.Bxc5 Bxc5 25.Nce4 Bxf2 26.Rxc8+ Rxc8 27.Rxc8+ Qxc8 28.Nxf6+ gxf6
29.Qxf2 Qc4 30.Qd2 Qf1+ 31.Kc2 Qc4+ 32.Kb1 Qf1+  1/2-1/2

[Event "Olomouc"]
[Site "Olomouc"]
[Date "1989.??.??"]
[Round "?"]
[White "Staniszewski, Piotr"]
[Black "Schurade, Matthias"]
[Result "1/2-1/2"]
[WhiteElo "2410"]
[BlackElo "2385"]

1.c4 c6 2.d4 d5 3.Nf3 Nf6 4.Nc3 dxc4 5.a4 Bg4 6.Ne5 Bh5 7.h3 Na6 8.g4 Bg6
9.e3 Nb4 10.Bxc4 e6 11.Nxg6 hxg6 12.Bf1 e5 13.Bg2 exd4 14.exd4 Be7 15.O-O O-O
16.a5 Qd7 17.a6 b6 18.Re1 Rfe8 19.Bf4 Rad8 20.Be5 Bf8 21.Qb3 Qe6 22.Qxe6 Rxe6  1/2-1/2

[Event "Thaelmann mem"]
[Site "Ost-Berlin"]
[Date "1989.??.??"]
[Round "?"]
[White "Uhlmann, Wolfgang"]
[Black "Bagirov, Vladimir"]
[Result "1/2-1/2"]
[WhiteElo "2515"]
[BlackElo "2460"]

1.c4 c6 2.d4 d5 3.Nc3 Nf6 4.Nf3 e6 5.Bg5 h6 6.Bxf6 Qxf6 7.e4 dxe4 8.Nxe4 Bb4+
9.Ke2 Qf4 10.Qc2 f5 11.Nc3 e5 12.g3 Qg4 13.h3 Qh5 14.dxe5 Nd7 15.Bg2 Nxe5
16.Kf1 Nxf3 17.Qe2+ Kf7  1/2-1/2